Регионална библиотека "Любен Каравелов" - Русе

Мениджмънт на организации и предприятия (Запис номер 8475)

MARC детайли
000 -Лидер
Контролно поле с фиксирана дължина 01783nam a2200397 c 4500
003 - Код на организацията, давaща контролен номер
Контролно поле BLK
005 - Дата и час на последна редакция
Контролно поле 20240117132952.0
008 - Елементи от данни с фиксирана дължина
fixed length control field 180412b bul|||||r ||||||| ||bul||
010 ## - Наследен системен номер
LC control number KNG00009823000
020 ## - Международен стандартен номер на книга ISBN
Международен стандартен номер на книга ISBN 954-8843-03-Х
040 ## - Източник на каталожния запис
Идентификатор на билиотеката - собственик на записа BLK
041 ## - Код за език
Код за езика на текст/звукозапис или на отделно заглавие Български
Код за езика КДБФ Български
080 ## - УДК
Текстов определител УДК Методи на управление. Мениджмънт. Анализи, планиране, ръководство, сътрудничество, контрол, коопериране и др.
УДК код - определител по УДК 005.5
УДК определител (075)
УДК - код + определител 005.5(075)
080 ## - УДК
Текстов определител УДК Форми на предприятията в зависимост от отношението към собствеността...
УДК код - определител по УДК 334.72
УДК определител .008(075)
УДК - код + определител 334.72.008(075)
100 1# - Редна дума - Автор
Автор Александров, Крум Стефанов
Авторска отговорност първи автор
R(LIN) 244730
139 ## - Редно поле
Редна дума Александров, Крум Стефанов
Авторски знак Алекс - А 51
245 10 - Сведения за заглавието
Заглавие Мениджмънт на организации и предприятия
Редно поле (дума) Крум Стефанов Александров.
257 ## - Страна на издаване
Страна на създаване/издаване България
260 ## - Област на издателските данни
Име на издателя, разпространителя и проч. ЛИА
Година на издаване 1995
300 ## - Физическа характеристика
Страници 424 с.
Илюстрации и др. с табл., сх., черт.
Размери/Мащаб 24 см
380 ## - Жанр
Жанр Общ отдел
500 ## - Общи забележки
Забележка Офс. изд. - 1 000 тир. - Библиогр. с. 423.
504 ## - Забележка за наличие на библиография и др
Забележка за наличие на библиография и под. 423
650 #4 - Допълнително описание по предмет – тема
Основно описание – тема или топоним Фирми - организация и управление - учебни помагала
9 (RLIN) 243755
650 #4 - Допълнително описание по предмет – тема
Основно описание – тема или топоним Управление - фирми - учебни помагала
9 (RLIN) 243756
653 ## - Ключова дума – ненормативна
Ключова дума мениджмънт
653 ## - Ключова дума – ненормативна
Ключова дума организации
653 ## - Ключова дума – ненормативна
Ключова дума предприятия
852 ## - Местоположение
Форматна сигнатура Цб 183906
856 4# - Електронен адрес и достъп
Електронен формат pdf - файл
Път до файла /url/
856 4# - Електронен адрес и достъп
Електронен формат pdf - файл
Път до файла /url/
999 ## - СИСТЕМНИ КОНТРОЛНИ НОМЕРА
Koha biblionumber 8475
Koha biblioitemnumber 8475
942 ## - АРТИКУЛИ
Вид на библиотечния материал Книги
Скрит в OPAC Не
Koha issues (borrowed), all copies 7
Периодичен библиозапис Да
944 ## - СЪЗДАВАНЕ И РЕДАКЦИЯ на ЗАПИСА
Създаване/Редакция Създаване
Дата на регистрацията/редакция 15.01.2003
Служител, извършил регистрацията/редакцията 30531
Статус, дата на статуса Цветелина Шанова
944 ## - СЪЗДАВАНЕ И РЕДАКЦИЯ на ЗАПИСА
Създаване/Редакция Редакция
Дата на регистрацията/редакция 27.11.2012
999 ## - СИСТЕМНИ КОНТРОЛНИ НОМЕРА
Koha biblioitemnumber 8475
Наличности
Код за отписване Код за изгубен артикул Източник на класификационната схема Код за повреда Коз за рестрикции Код за отдаване Артикулен № Име на библиотеката - собственик Име на библиотеката, в която се намира в момента Статус (Текущо местоположение) Дата на вписване в системата Местоположение - отдел Цена в лева Инвентарен номер Систематично азбучна сигнатура Баркод Номер на екземпляра Цена в евро Служебна бележка Служебен тип на артикула
  Не е изгубен Universal Decimal Classification Не е повреден без рестрикции ползва се в читалня 14668 Регионална библиотека "Любен Каравелов" Русе Регионална библиотека "Любен Каравелов" Русе Хранилище 2001-01-01 Хранилище 0.00 618485 Цб 183906 120000618485 1 0.00 Дост: Dp Вид: Д N: 46 Дата: 01.01.1995 Дата инв: 05.09.2014 Бележки инв: Цб2014 Книги
Изтеглен Не е изгубен Universal Decimal Classification Не е повреден без рестрикции заемане за дома 14669 Регионална библиотека "Любен Каравелов" Русе Регионална библиотека "Любен Каравелов" Русе Заемна - подръчен фонд 2001-01-01 Заемна - подръчен фонд 4.05 620477 П 65.012/А 51 620477 2 2.07 Дост: Pk Вид: Ф N: стар фонд Дата: 01.01.1995 Книги
  Не е изгубен Universal Decimal Classification Не е повреден без рестрикции ползва се в читалня 14670 Регионална библиотека "Любен Каравелов" Русе Регионална библиотека "Любен Каравелов" Русе Читалня 2001-01-01 Читалня 3.78 615126 Ч 005/А 51 120000615126 3 1.93 Дост: Pk Вид: Ф N: стар фонд Дата: 01.01.1995 Дата инв: 23.03.2017 Бележки инв: Ч2017 Книги
  Не е изгубен Universal Decimal Classification Не е повреден без рестрикции заемане за дома 14671 Регионална библиотека "Любен Каравелов" Русе Регионална библиотека "Любен Каравелов" Русе Заемна - подръчен фонд 2001-01-01 Заемна - подръчен фонд 3.78 615127 005.5/А 51 120000615127 4 1.93 Дост: Pk Вид: Ф N: стар фонд Дата: 01.01.1995 Дата инв: 06.02.2018 Бележки инв: П2018 Книги
Vip Innovations Ltd, Rousse, Bulgaria 2025